000 00603cab a2200229 4500
001 X2755
008 090401t1986 xxu||||| |||| 00| 0 eng d
035 _a(Sirsi) u26086
041 _aeng
100 _aOxley, Michael J
245 _aHousing policy and tenants` organisations in Great Britain
260 _c1986
350 _a0
490 _aProperty Management
_v4(3) 1986, 217-229(13)
650 _aCOUNCIL HOUSING
650 _aHOUSING STANDARDS
650 _aHOUSING TENURE
650 _aPRIVATE RENTED SECTOR
690 _aBlock management
_96220
942 _n0
948 _c04/03/1997
999 _c17507
_d17507